000 00470nam a2200181Ia 4500
001 8008
005 20260306160537.0
008 260306t1996||||xx |||||||||||||| ||spa||
041 _aESP
082 _a370.015
_bM22
100 _aManso Luengo, Antonio Javier
_eAUT
245 0 _aDificultades de aprendizaje:
_b(escritura, ortografía y cálculo)
260 _c1996
300 _a244 páginas :
_c24 cm.
650 _aGEN
654 _aCED
942 _cLIB
_dJUS
_fJUS
_2ddc
_n
999 _c8008
_d8008